| 000 | 00511nam a22001697a 4500 | ||
|---|---|---|---|
| 999 |
_c6941 _d6941 |
||
| 003 | GBCCL | ||
| 005 | 20241126110615.0 | ||
| 008 | 180704b ||||| |||| 00| 0 eng d | ||
| 040 | _cgbc | ||
| 082 |
_a225.48 _bGRE |
||
| 245 | _aA Greek-English Lexicon to the New Testament: | ||
| 250 |
_a24th ed. _bNew edition with additions and alterations |
||
| 260 |
_aLondon: _bSamuel Bagster & Sons, _c1794 |
||
| 300 |
_a216 p.; _c17 cm. |
||
| 650 |
_aBible _vNew Testament _vGreek _xEnglish Lexicon _912363 |
||
| 942 |
_2ddc _cLAN |
||